[Event "CZE-chT2A 2223"]
[Site "Czech Republic"]
[Date "2023.03.05"]
[Round "10.1"]
[White "Stluka, Petr"]
[Black "Eret, Matous"]
[Result "0-1"]
[WhiteElo "2167"]
[BlackElo "2258"]
[PlyCount "86"]
[EventDate "2022.10.16"]
[EventType "team-tourn"]
[EventRounds "11"]
[EventCountry "CZE"]
[SourceTitle "EXT 2024"]
[Source "ChessBase"]
[SourceDate "2023.10.10"]
[SourceVersion "1"]
[SourceVersionDate "2023.10.10"]
[SourceQuality "1"]
[WhiteTeam "Pribram"]
[BlackTeam "Klatovy"]
[WhiteTeamCountry "CZE"]
[BlackTeamCountry "CZE"]

1. Nf3 Nf6 2. g3 d6 3. d4 Nbd7 4. Bg2 e5 5. 0-0 Be7 6. c4 0-0 7. Nc3 c6 8. e4 a6 9. d5 cxd5 10. cxd5 b5 11. a3 Ne8 12. Be3 g6 13. Qd2 Ng7 14. Ne1 Rb8 15. Nd3 a5 16. a4 bxa4 17. Nxa4 Ba6 18. Rfc1 f5 19. f3 h5 20. Rc3 g5 21. Rac1 f4 22. Bf2 g4 23. gxf4 exf4 24. Rc7 Bb5 25. b3 Bf6 26. Ra7 Bxd3 27. Qxd3 Ne5 28. Qd1 Rc8 29. Rxc8 Qxc8 30. Nb6 Qc3 31. Nd7 Nd3 32. Nxf6+ Rxf6 33. Ra8+ Kh7 34. fxg4 f3 35. g5 Nxf2 36. Kxf2 Qb2+ 37. Ke3 Qc3+ 38. Kf2 Qc5+ 39. Kg3 h4+ 40. Kh3 fxg2 41. gxf6 g1Q 42. Rh8+ Kxh8 43. fxg7+ Kxg7 0-1

[Event "CZE-chT2A 2223"]
[Site "Czech Republic"]
[Date "2023.01.22"]
[Round "7.2"]
[White "Stluka, Petr"]
[Black "Karas, Marek"]
[Result "1/2-1/2"]
[WhiteElo "2167"]
[BlackElo "2243"]
[PlyCount "118"]
[EventDate "2022.10.16"]
[EventType "team-tourn"]
[EventRounds "11"]
[EventCountry "CZE"]
[SourceTitle "EXT 2024"]
[Source "ChessBase"]
[SourceDate "2023.10.10"]
[SourceVersion "1"]
[SourceVersionDate "2023.10.10"]
[SourceQuality "1"]
[WhiteTeam "Pribram"]
[BlackTeam "Budejovice"]
[WhiteTeamCountry "CZE"]
[BlackTeamCountry "CZE"]

1. Nf3 Nf6 2. g3 g6 3. Bg2 Bg7 4. 0-0 0-0 5. d4 d6 6. c4 c6 7. Nc3 Bf5 8. b3 Ne4 9. Bb2 Nxc3 10. Bxc3 Be4 11. Qd2 d5 12. Rfc1 Nd7 13. cxd5 cxd5 14. e3 a5 15. Qe2 Qb6 16. Bf1 Bxf3 17. Qxf3 e6 18. Qe2 Rfc8 19. Qb5 Qxb5 20. Bxb5 Nb6 21. Bb2 Bf8 22. Kf1 Bd6 23. Ke2 Rxc1 24. Rxc1 a4 25. Kd2 Kf8 26. Bc3 Ke7 27. Rb1 axb3 28. axb3 Ra2+ 29. Rb2 Ra1 30. h4 Na8 31. Rc2 Ra3 32. Rb2 Nc7 33. Be2 f5 34. Kc2 Ne8 35. Rb1 Nf6 36. Kb2 Ne4 37. Be1 Ra8 38. Ra1 Rxa1 39. Kxa1 e5 40. f3 Nf6 41. dxe5 Bxe5+ 42. Kb1 Bd6 43. Kc2 Nh5 44. g4 fxg4 45. fxg4 Nf6 46. Bf3 Ke6 47. h5 Nd7 48. hxg6 hxg6 49. Bh4 Bc5 50. Kd2 Bb4+ 51. Kc2 Ne5 52. Be2 Bc5 53. Kd2 Nc6 54. Bd3 Ne5 55. Be2 Bb4+ 56. Kc2 Nf7 57. Bd3 Nh6 58. Bxg6 Nxg4 59. e4 dxe4 1/2-1/2

[Event "CZE-chT2A 2122"]
[Site "Czech Republic"]
[Date "2022.02.13"]
[Round "8.1"]
[White "Stluka, Petr"]
[Black "Vichnar, David"]
[Result "1/2-1/2"]
[WhiteElo "2188"]
[BlackElo "2363"]
[PlyCount "99"]
[EventDate "2021.10.17"]
[EventType "team-tourn"]
[EventRounds "11"]
[EventCountry "CZE"]
[SourceTitle "EXT 2025"]
[Source "ChessBase"]
[SourceDate "2024.10.14"]
[SourceVersion "1"]
[SourceVersionDate "2024.10.14"]
[SourceQuality "1"]
[WhiteTeam "Pribram Banik"]
[BlackTeam "Vysehrad Sokol II"]
[WhiteTeamCountry "CZE"]
[BlackTeamCountry "CZE"]

1. Nf3 d5 2. g3 Nf6 3. Bg2 c6 4. 0-0 Bf5 5. b3 h6 6. Bb2 e6 7. d3 Be7 8. Nbd2 0-0 9. c4 a5 10. a3 Nbd7 11. Qc2 Bh7 12. Bc3 c5 13. e4 d4 14. Bb2 e5 15. Nh4 Re8 16. Rae1 a4 17. Nf5 Bf8 18. Bh3 g6 19. Nh4 Nh5 20. Ng2 g5 21. Bf5 Bd6 22. h4 Ng7 23. Bxh7+ Kxh7 24. Nf3 Ne6 25. bxa4 Qf6 26. Qe2 Rg8 27. hxg5 hxg5 28. Nh2 Rg6 29. Ng4 Qg7 30. f3 Nf6 31. Kf2 Rh8 32. Rh1+ Kg8 33. Qd1 Nxg4+ 34. fxg4 Qf6+ 35. Qf3 Rxh1 36. Rxh1 Qd8 37. Qd1 Bc7 38. Bc1 Ba5 39. Rh5 Rf6+ 40. Kg1 Rg6 41. Ne1 Ng7 42. Rh2 Qd7 43. Bd2 Bxd2 44. Rxd2 Ra6 45. Rb2 Ne8 46. Qf3 Rf6 47. Qd1 b6 48. a5 bxa5 49. Rb5 Rc6 50. Qf3 1/2-1/2

[Event "CZE-chT2A 2122"]
[Site "Czech Republic"]
[Date "2021.12.19"]
[Round "5.2"]
[White "Stluka, Petr"]
[Black "Novotny, Michal"]
[Result "1/2-1/2"]
[WhiteElo "2188"]
[BlackElo "2202"]
[PlyCount "111"]
[EventDate "2021.10.17"]
[EventType "team-tourn"]
[EventRounds "11"]
[EventCountry "CZE"]
[SourceTitle "EXT 2025"]
[Source "ChessBase"]
[SourceDate "2024.10.14"]
[SourceVersion "1"]
[SourceVersionDate "2024.10.14"]
[SourceQuality "1"]
[WhiteTeam "Pribram Banik"]
[BlackTeam "Pisek"]
[WhiteTeamCountry "CZE"]
[BlackTeamCountry "CZE"]

1. Nf3 d5 2. g3 g6 3. Bg2 Bg7 4. d4 Nf6 5. 0-0 c6 6. b3 0-0 7. Bb2 Bf5 8. Nbd2 a5 9. a3 Nbd7 10. c4 Ne4 11. Nh4 Ndc5 12. Nxf5 gxf5 13. Nxe4 Nxe4 14. Qc2 e6 15. e3 a4 16. bxa4 Qa5 17. c5 Qxa4 18. Rfc1 Rfb8 19. f3 Nf6 20. Qxa4 Rxa4 21. Rc3 Nd7 22. Rb3 b6 23. Rc1 b5 24. Bc3 Bh6 25. Kf2 e5 26. Rd1 f4 27. gxf4 exf4 28. e4 Nf6 29. e5 Nd7 30. Bh3 Nf8 31. Rg1+ Kh8 32. Bf5 Re8 33. Rg4 Ng6 34. Bd7 Re6 35. Bxe6 fxe6 36. Bb4 Ne7 37. Rb1 Nf5 38. Rbg1 Ra8 39. Bc3 Ne3 40. Rh4 Nf5 41. Rhg4 Bg7 42. Bb4 Ra7 43. Rxf4 Bh6 44. Rxf5 exf5 45. Ke2 Rg7 46. Rxg7 Kxg7 47. Bd2 f4 48. Be1 Bg5 49. Kd3 Kg6 50. Kc3 Kf5 51. Kb3 Bd8 52. a4 bxa4+ 53. Kxa4 Ke6 54. Kb4 Kf5 55. Ka4 Ke6 56. Kb4 1/2-1/2

[Event "CZE-chT2A 1920"]
[Site "Czech Republic"]
[Date "2019.12.01"]
[Round "4.2"]
[White "Stluka, Petr"]
[Black "Vojta, Jakub"]
[Result "1-0"]
[WhiteElo "2176"]
[BlackElo "2214"]
[PlyCount "47"]
[EventDate "2019.10.13"]
[EventType "team-tourn"]
[EventRounds "11"]
[EventCountry "CZE"]
[SourceTitle "EXT 2024"]
[Source "ChessBase"]
[SourceDate "2023.10.10"]
[SourceVersion "1"]
[SourceVersionDate "2023.10.10"]
[SourceQuality "1"]
[WhiteTeam "Pribram Banik"]
[BlackTeam "Vlasim II"]
[WhiteTeamCountry "CZE"]
[BlackTeamCountry "CZE"]

1. Nf3 Nf6 2. g3 g6 3. Bg2 Bg7 4. 0-0 0-0 5. b3 c5 6. Bb2 d5 7. d3 Nc6 8. Nbd2 Qc7 9. e4 e5 10. exd5 Nxd5 11. a4 Rd8 12. Qc1 Bh6 13. Re1 f6 14. c3 Bf5 15. Qc2 Nf4 16. gxf4 Bxd3 17. Qd1 e4 18. Re3 exf3 19. Qxf3 Bf5 20. Ne4 Qxf4 21. Nxf6+ Kg7 22. c4 Nd4 23. Qxb7+ Kf8 24. Qe7# 1-0

[Event "CZE-chT2A 1920"]
[Site "Czech Republic"]
[Date "2019.10.13"]
[Round "1.2"]
[White "Trichkov, Vasil"]
[Black "Stluka, Petr"]
[Result "1-0"]
[WhiteElo "2319"]
[BlackElo "2176"]
[PlyCount "63"]
[EventDate "2019.10.13"]
[EventType "team-tourn"]
[EventRounds "11"]
[EventCountry "CZE"]
[SourceTitle "EXT 2024"]
[Source "ChessBase"]
[SourceDate "2023.10.10"]
[SourceVersion "1"]
[SourceVersionDate "2023.10.10"]
[SourceQuality "1"]
[WhiteTeam "Praha Bohemians"]
[BlackTeam "Pribram Banik"]
[WhiteTeamCountry "CZE"]
[BlackTeamCountry "CZE"]

1. d4 Nf6 2. Nf3 d6 3. g3 Nbd7 4. c4 e5 5. Nc3 Be7 6. Bg2 0-0 7. 0-0 c6 8. Qc2 Re8 9. h3 Bf8 10. e4 a5 11. Be3 exd4 12. Nxd4 Nc5 13. Rad1 Qc7 14. b3 g6 15. Rfe1 Nfd7 16. f4 Nb6 17. Nde2 Na6 18. Kh1 Nd7 19. g4 Ndc5 20. a3 Bd7 21. Ng3 Rad8 22. Bd4 Bc8 23. Nce2 Ne6 24. Bf6 Be7 25. Bb2 Bf8 26. f5 Nec5 27. Qc3 Re5 28. Nd4 Bg7 29. Nf3 b5 30. cxb5 cxb5 31. b4 axb4 32. axb4 1-0

[Event "CZE-chT2A 1819"]
[Site "Czech Republic"]
[Date "2019.01.27"]
[Round "7.2"]
[White "Stluka, Petr"]
[Black "Jurek, Josef"]
[Result "1/2-1/2"]
[WhiteElo "2153"]
[BlackElo "2250"]
[PlyCount "38"]
[EventDate "2018.10.14"]
[EventType "team-tourn"]
[EventRounds "11"]
[EventCountry "CZE"]
[SourceTitle "EXT 2022"]
[Source "ChessBase"]
[SourceDate "2021.10.06"]
[SourceVersion "1"]
[SourceVersionDate "2021.10.06"]
[SourceQuality "1"]
[WhiteTeam "Pribram Banik"]
[BlackTeam "Vysehrad II"]
[WhiteTeamCountry "CZE"]
[BlackTeamCountry "CZE"]

1. Nf3 Nf6 2. g3 b6 3. Bg2 Bb7 4. 0-0 e6 5. c4 c5 6. Nc3 Be7 7. d4 cxd4 8. Qxd4 d6 9. Bg5 a6 10. Bxf6 Bxf6 11. Qd3 Ra7 12. Rad1 Be7 13. Ne4 Bxe4 14. Qxe4 0-0 15. Nd4 Qc7 16. b3 Re8 17. Rd2 Bf8 18. Rfd1 Qc5 19. a4 Rc7 1/2-1/2

[Event "CZE-chT2A 1819"]
[Site "Czech Republic"]
[Date "2018.11.18"]
[Round "3.3"]
[White "Skalicky, Tomas"]
[Black "Stluka, Petr"]
[Result "1/2-1/2"]
[WhiteElo "2146"]
[BlackElo "2153"]
[PlyCount "97"]
[EventDate "2018.10.14"]
[EventType "team-tourn"]
[EventRounds "11"]
[EventCountry "CZE"]
[SourceTitle "EXT 2022"]
[Source "ChessBase"]
[SourceDate "2021.10.06"]
[SourceVersion "1"]
[SourceVersionDate "2021.10.06"]
[SourceQuality "1"]
[WhiteTeam "Ricany"]
[BlackTeam "Pribram Banik"]
[WhiteTeamCountry "CZE"]
[BlackTeamCountry "CZE"]

1. d4 Nf6 2. c4 d6 3. Nf3 Nbd7 4. Nc3 e5 5. g3 Be7 6. Bg2 0-0 7. 0-0 c6 8. e4 a6 9. a4 a5 10. h3 Re8 11. Be3 Bf8 12. Re1 exd4 13. Nxd4 Nc5 14. Qc2 Nfd7 15. Rad1 g6 16. f4 Qc7 17. Kh2 Na6 18. Nb3 Nb6 19. c5 dxc5 20. Qf2 Nc4 21. Nxc5 Nxe3 22. Nxa6 Rxa6 23. Qxe3 Qb6 24. Qe2 Be6 25. e5 Bb3 26. Rd7 Be6 27. Rdd1 Bb3 28. Rd2 Rd8 29. Rxd8 Qxd8 30. Ne4 Qd4 31. Nf6+ Kg7 32. Qg4 Be7 33. Qf3 Be6 34. f5 Bxf5 35. g4 Be6 36. Ne8+ Kg8 37. Nc7 Rb6 38. Nxe6 fxe6 39. Rf1 Qxe5+ 40. Kh1 Bd6 41. Qf7+ Kh8 42. Qe8+ Kg7 43. Rf7+ Kh6 44. g5+ Kxg5 45. Qd8+ Kh6 46. Qh4+ Qh5 47. Qd4 Qe5 48. Qh4+ Qh5 49. Qd4 1/2-1/2

[Event "CZE-chT2C 1617"]
[Site "Czech Republic"]
[Date "2017.04.02"]
[Round "11.2"]
[White "Stluka, Petr"]
[Black "Vojta, Tomas"]
[Result "0-1"]
[WhiteElo "2165"]
[BlackElo "2369"]
[PlyCount "176"]
[EventDate "2016.10.09"]
[EventType "team-tourn"]
[EventRounds "11"]
[EventCountry "CZE"]
[SourceTitle "EXT 2022"]
[Source "ChessBase"]
[SourceDate "2021.10.06"]
[SourceVersion "1"]
[SourceVersionDate "2021.10.06"]
[SourceQuality "1"]
[WhiteTeam "Kolin"]
[BlackTeam "Vlasim"]
[WhiteTeamCountry "CZE"]
[BlackTeamCountry "CZE"]

1. Nf3 Nc6 2. d3 e5 3. c3 g6 4. b4 Bg7 5. e4 d6 6. Be2 Nf6 7. 0-0 0-0 8. Nbd2 Nh5 9. b5 Ne7 10. d4 exd4 11. cxd4 Nf4 12. Bc4 d5 13. exd5 Nexd5 14. Ba3 Re8 15. Re1 Rxe1+ 16. Qxe1 Bf5 17. Ne5 Qg5 18. g3 Nh3+ 19. Kh1 Bxe5 20. dxe5 Qxd2 21. Qxd2 Be4+ 22. f3 Bxf3+ 23. Qg2 Bxg2+ 24. Kxg2 Ne3+ 25. Kxh3 Nxc4 26. Be7 Nxe5 27. Rc1 Rc8 28. Bd6 Nd3 29. Rxc7 Rxc7 30. Bxc7 f5 31. Bb8 a6 32. bxa6 bxa6 33. Kg2 Kf7 34. Kf3 Ke6 35. Ke3 Nb4 36. a4 Kd5 37. Kf4 h6 38. h4 Nc6 39. Bc7 Nd4 40. Bb6 Ne6+ 41. Ke3 Kc4 42. a5 g5 43. hxg5 hxg5 44. Ke2 Nd4+ 45. Ke3 Nc6 46. Bc7 Kb5 47. Kf3 Nd4+ 48. Ke3 Kc4 49. Bb6 Nc2+ 50. Ke2 Nb4 51. Kf3 Nc6 52. Be3 Nd4+ 53. Kf2 Ne6 54. Ke2 Nd4+ 55. Kf2 g4 56. Bf4 Kd3 57. Bc7 Nb3 58. Bb6 Nd2 59. Bc7 Ne4+ 60. Kg2 Ke2 61. Bf4 Nf6 62. Bd6 Nd5 63. Be5 Ne3+ 64. Kg1 Kf3 65. Bd6 Nc4 66. Bc7 Nd2 67. Be5 Ne4 68. Kh2 Kf2 69. Bd4+ Kf1 70. Be3 Nc3 71. Bc5 Ne2 72. Be3 Nc3 73. Bd4 Ne4 74. Be5 Kf2 75. Bd4+ Kf3 76. Be5 Nd2 77. Kg1 Nc4 78. Bc7 Nxa5 79. Bxa5 Kxg3 80. Kf1 Kf3 81. Bc7 f4 82. Bb6 g3 83. Bc7 Kg4 84. Bb6 f3 85. Kg1 Kf4 86. Bc7+ Ke3 87. Bxg3 Ke2 88. Bf2 a5 0-1

[Event "CZE-chT2C 1617"]
[Site "Czech Republic"]
[Date "2017.01.29"]
[Round "7.3"]
[White "Jirman, Pavel"]
[Black "Stluka, Petr"]
[Result "1-0"]
[WhiteElo "2022"]
[BlackElo "2165"]
[PlyCount "99"]
[EventDate "2016.10.09"]
[EventType "team-tourn"]
[EventRounds "11"]
[EventCountry "CZE"]
[SourceTitle "EXT 2022"]
[Source "ChessBase"]
[SourceDate "2021.10.06"]
[SourceVersion "1"]
[SourceVersionDate "2021.10.06"]
[SourceQuality "1"]
[WhiteTeam "Vysehrad III"]
[BlackTeam "Kolin"]
[WhiteTeamCountry "CZE"]
[BlackTeamCountry "CZE"]

1. e4 c6 2. d4 d5 3. exd5 cxd5 4. c4 Nf6 5. Nc3 g6 6. cxd5 Nxd5 7. Bc4 Nb6 8. Bb3 Bg7 9. Nf3 0-0 10. 0-0 Nc6 11. Be3 Na5 12. Bc2 Nac4 13. Qe2 Nxe3 14. fxe3 Be6 15. Rfd1 Rc8 16. Rac1 Bc4 17. Bd3 Qd7 18. Ne4 Bxd3 19. Qxd3 Qd5 20. b3 Rfd8 21. Nc5 Nd7 22. Nxd7 Qxd7 23. Qe4 e6 24. Ne5 Qd5 25. Qxd5 exd5 26. Nd3 Bh6 27. Kf2 a5 28. Kf3 Re8 29. Rxc8 Rxc8 30. Rc1 Rxc1 31. Nxc1 Kf8 32. Nd3 Bg5 33. Nc5 b5 34. e4 Ke7 35. exd5 f5 36. Nb7 Bd2 37. Ke2 Bb4 38. Kd3 Kd7 39. a4 bxa4 40. bxa4 Kc7 41. Nc5 Kd6 42. Kc4 Be1 43. Ne6 h6 44. Nd8 Ke7 45. Nc6+ Kf6 46. d6 Ke6 47. Kc5 g5 48. d5+ Kd7 49. Ne5+ Kd8 50. Kc6 1-0

[Event "Rakovnik Regional-chT 1415"]
[Site "Rakovnik"]
[Date "2015.02.15"]
[Round "8.1"]
[White "Stluka, Petr"]
[Black "Haba, Zdenek"]
[Result "1/2-1/2"]
[WhiteElo "2198"]
[BlackElo "2281"]
[PlyCount "31"]
[EventDate "2014.10.19"]
[EventType "team-tourn"]
[EventRounds "11"]
[EventCountry "CZE"]
[SourceTitle "EXT 2016"]
[Source "ChessBase"]
[SourceDate "2015.10.08"]
[SourceVersion "1"]
[SourceVersionDate "2015.10.08"]
[SourceQuality "1"]
[WhiteTeam "Pribram Pyrit"]
[BlackTeam "Kostelec nad CL"]
[WhiteTeamCountry "CZE"]
[BlackTeamCountry "CZE"]

1. Nf3 g6 2. g3 f5 3. d4 Nf6 4. Bg2 Bg7 5. 0-0 0-0 6. b3 d6 7. Bb2 Qe8 8. Nbd2 Nc6 9. Nc4 e6 10. e3 h6 11. a4 g5 12. Ne1 Bd7 13. Nd3 Nd8 14. f3 Qg6 15. Qe2 Nf7 16. e4 1/2-1/2

[Event "Rakovnik Regional-chT 1415"]
[Site "Rakovnik"]
[Date "2015.01.04"]
[Round "5.2"]
[White "Stluka, Petr"]
[Black "Skalicky, Tomas"]
[Result "1/2-1/2"]
[WhiteElo "2198"]
[BlackElo "2068"]
[PlyCount "89"]
[EventDate "2014.10.19"]
[EventType "team-tourn"]
[EventRounds "11"]
[EventCountry "CZE"]
[SourceTitle "EXT 2016"]
[Source "ChessBase"]
[SourceDate "2015.10.08"]
[SourceVersion "1"]
[SourceVersionDate "2015.10.08"]
[SourceQuality "1"]
[WhiteTeam "Pribram Pyrit"]
[BlackTeam "Ricany II"]
[WhiteTeamCountry "CZE"]
[BlackTeamCountry "CZE"]

1. Nf3 Nf6 2. g3 g6 3. Bg2 Bg7 4. 0-0 0-0 5. d4 d5 6. c4 c6 7. cxd5 cxd5 8. Nc3 Ne4 9. Qb3 Nc6 10. e3 Nxc3 11. bxc3 Na5 12. Qb5 e6 13. Ba3 Bd7 14. Qd3 Re8 15. Nd2 Rc8 16. Rfc1 Nc4 17. Nxc4 Rxc4 18. Bf1 Ba4 19. Qd2 Rc7 20. c4 dxc4 21. Rxc4 Rxc4 22. Bxc4 Qd7 23. Rc1 Rc8 24. Bb3 Bxb3 25. axb3 Rxc1+ 26. Qxc1 b6 27. Qc4 Bf8 28. Bxf8 Kxf8 29. e4 a5 30. d5 exd5 31. exd5 b5 32. Qc5+ Ke8 33. d6 a4 34. bxa4 bxa4 35. h4 h5 36. Qe5+ Qe6 37. Qb5+ Qd7 38. Qb8+ Qd8 39. Qb5+ Qd7 40. Qc5 Qb7 41. Qe5+ Kd8 42. Qa5+ Kd7 43. Qxa4+ Kxd6 44. Qd4+ Qd5 45. Qb4+ 1/2-1/2

[Event "Rakovnik Regional-chT 1415"]
[Site "Rakovnik"]
[Date "2014.12.07"]
[Round "4.2"]
[White "Cap, Adam"]
[Black "Stluka, Petr"]
[Result "0-1"]
[WhiteElo "2113"]
[BlackElo "2198"]
[PlyCount "85"]
[EventDate "2014.10.19"]
[EventType "team-tourn"]
[EventRounds "11"]
[EventCountry "CZE"]
[SourceTitle "EXT 2016"]
[Source "ChessBase"]
[SourceDate "2015.10.08"]
[SourceVersion "1"]
[SourceVersionDate "2015.10.08"]
[SourceQuality "1"]
[WhiteTeam "Rakovnik"]
[BlackTeam "Pribram Pyrit"]
[WhiteTeamCountry "CZE"]
[BlackTeamCountry "CZE"]

1. e4 c6 2. d4 d5 3. Nc3 dxe4 4. Nxe4 Nd7 5. Bc4 Ngf6 6. Ng5 Nd5 7. N1f3 h6 8. Ne4 N7b6 9. Bb3 Bf5 10. Qe2 e6 11. 0-0 Be7 12. Ne5 0-0 13. Ng3 Bh7 14. c4 Nf6 15. Be3 Nbd7 16. f4 Ne4 17. Nxe4 Bxe4 18. Rad1 Qc7 19. Bd2 Bh7 20. Bc3 a5 21. a3 Nf6 22. Bc2 Bxc2 23. Qxc2 b5 24. f5 exf5 25. Rxf5 Nd7 26. Rdf1 Nxe5 27. dxe5 Bc5+ 28. Kh1 b4 29. axb4 axb4 30. Bd2 Rae8 31. Qe4 Re6 32. Qg4 Rg6 33. Qf4 Qe7 34. h4 Re6 35. Qg4 Qd7 36. Rf6 Qxd2 37. Rxf7 Rxf7 38. Qxe6 Qd7 39. Rxf7 Qxf7 40. Qc8+ Kh7 41. e6 Qf1+ 42. Kh2 Bd6+ 43. g3 0-1

[Event "Rakovnik Regional-chT 1415"]
[Site "Rakovnik"]
[Date "2014.11.23"]
[Round "3.1"]
[White "Stluka, Petr"]
[Black "Umanec, Filip"]
[Result "1/2-1/2"]
[WhiteElo "2198"]
[BlackElo "2290"]
[PlyCount "55"]
[EventDate "2014.10.19"]
[EventType "team-tourn"]
[EventRounds "11"]
[EventCountry "CZE"]
[SourceTitle "EXT 2016"]
[Source "ChessBase"]
[SourceDate "2015.10.08"]
[SourceVersion "1"]
[SourceVersionDate "2015.10.08"]
[SourceQuality "1"]
[WhiteTeam "Pribram Pyrit"]
[BlackTeam "Neratovice II"]
[WhiteTeamCountry "CZE"]
[BlackTeamCountry "CZE"]

1. Nf3 Nf6 2. g3 d5 3. Bg2 e6 4. 0-0 c5 5. d4 Nc6 6. c4 dxc4 7. Qa4 Bd7 8. Qxc4 b5 9. Qd3 c4 10. Qd1 Rc8 11. b3 Qa5 12. bxc4 bxc4 13. Bd2 Bb4 14. Qc2 Bxd2 15. Qxd2 Qa6 16. Nc3 0-0 17. e4 Ne7 18. Rab1 Rfd8 19. Ne5 Be8 20. Rfd1 Nc6 21. Nxc6 Bxc6 22. Qe3 Rb8 23. d5 Rxb1 24. Rxb1 exd5 25. exd5 Bd7 26. Bf1 Rc8 27. Qe7 Qa5 28. Qb4 1/2-1/2

[Event "CZE-chT2A 0809"]
[Site "Czech Republic"]
[Date "2009.02.22"]
[Round "9.5"]
[White "Hruby, Milan"]
[Black "Stluka, Petr"]
[Result "1/2-1/2"]
[WhiteElo "2115"]
[BlackElo "2170"]
[PlyCount "41"]
[EventDate "2008.10.12"]
[EventType "tourn"]
[EventRounds "11"]
[EventCountry "CZE"]
[SourceTitle "EXT 2010"]
[Source "ChessBase"]
[SourceDate "2010.11.25"]
[SourceVersion "1"]
[SourceVersionDate "2010.11.25"]
[SourceQuality "1"]
[WhiteTeam "Tabor Sokol"]
[BlackTeam "Pribram Pyrit"]
[WhiteTeamCountry "CZE"]
[BlackTeamCountry "CZE"]

1. e4 c6 2. d4 d5 3. e5 Bf5 4. h4 h5 5. c4 dxc4 6. Bxc4 e6 7. Nc3 Nd7 8. Bg5 Be7 9. Qd2 Nh6 10. Nge2 Nb6 11. Bb3 Qd7 12. Bxe7 Qxe7 13. Qg5 g6 14. Rd1 a5 15. a3 Ng8 16. f3 a4 17. Ba2 0-0-0 18. Qxe7 Nxe7 19. Rd2 Ned5 20. Kf2 Rhg8 21. g3 1/2-1/2

[Event "CZE-chT2A 0809"]
[Site "Czech Republic"]
[Date "2009.02.08"]
[Round "8.5"]
[White "Stluka, Petr"]
[Black "Pick, Stepan"]
[Result "1/2-1/2"]
[WhiteElo "2170"]
[BlackElo "2149"]
[PlyCount "80"]
[EventDate "2008.10.12"]
[EventType "tourn"]
[EventRounds "11"]
[EventCountry "CZE"]
[SourceTitle "EXT 2010"]
[Source "ChessBase"]
[SourceDate "2010.11.25"]
[SourceVersion "1"]
[SourceVersionDate "2010.11.25"]
[SourceQuality "1"]
[WhiteTeam "Pribram Pyrit"]
[BlackTeam "Praha Pankrac II"]
[WhiteTeamCountry "CZE"]
[BlackTeamCountry "CZE"]

1. Nf3 g6 2. g3 Bg7 3. d4 f5 4. Bg2 Nf6 5. 0-0 0-0 6. b3 d6 7. Bb2 Qe8 8. c4 Na6 9. Nbd2 c6 10. a3 Bd7 11. Qc2 h6 12. e4 fxe4 13. Nxe4 g5 14. Rae1 Qf7 15. Nfd2 Rae8 16. Nxf6+ exf6 17. Ne4 Bf5 18. Qd2 Qd7 19. d5 c5 20. f4 Nc7 21. fxg5 Bxe4 22. gxh6 Bxg2 23. hxg7 Bxf1 24. gxf8Q+ Rxf8 25. Rxf1 Ne8 26. Qe2 a6 27. Rf4 Rf7 28. Qf3 b5 29. Bxf6 Nxf6 30. Rxf6 Rxf6 31. Qxf6 bxc4 32. bxc4 Qa4 33. Qg6+ Kh8 34. Qd3 Qe8 35. Kg2 Qe5 36. h4 a5 37. Kf3 a4 38. Qc2 Qh5+ 39. Kf4 Qh6+ 40. Kg4 Qg6+ 1/2-1/2

[Event "CZE-chT2a 0607"]
[Site "Czech Republic"]
[Date "2007.03.11"]
[Round "9.5"]
[White "Marik, Jiri"]
[Black "Stluka, Petr"]
[Result "0-1"]
[WhiteElo "1974"]
[BlackElo "2181"]
[PlyCount "90"]
[EventDate "2006.10.15"]
[EventType "team-tourn"]
[EventRounds "11"]
[EventCountry "CZE"]
[SourceTitle "EXT 2009"]
[Source "ChessBase"]
[SourceDate "2008.11.26"]
[SourceVersion "1"]
[SourceVersionDate "2008.11.26"]
[SourceQuality "1"]
[WhiteTeam "Plzen Loko"]
[BlackTeam "Pribram Alva"]
[WhiteTeamCountry "CZE"]
[BlackTeamCountry "CZE"]

1. Nf3 Nf6 2. g3 b6 3. Bg2 Bb7 4. c4 c5 5. 0-0 e6 6. Nc3 Be7 7. d3 0-0 8. Bf4 d6 9. Qc2 Nc6 10. Rfe1 h6 11. Rad1 e5 12. Bc1 d5 13. cxd5 Nxd5 14. Qb3 Na5 15. Qa4 Bc6 16. Qg4 f5 17. Qg6 Rf6 18. Qh5 Qc7 19. Bd2 Nb4 20. Rc1 Raf8 21. a3 Na6 22. b4 Nb3 23. Rc2 Qd6 24. b5 Be8 25. Qh3 Nc7 26. Rd1 g5 27. g4 Nd4 28. Rb2 h5 29. gxf5 g4 30. Qg3 Nxf5 31. Qxe5 gxf3 32. Qxd6 Bxd6 33. Bxf3 Nd4 34. Ne4 Rg6+ 35. Bg2 Nxe2+ 36. Kf1 Be5 37. Rbb1 Nf4 38. Bxf4 Bxf4 39. a4 Ne6 40. h4 Nd4 41. Bh3 Bh2 42. Bg2 Bd7 43. Rb2 Bh3 44. Ng5 Bxg2+ 45. Kxg2 Bf4 0-1

[Event "CZE-chT2a 0607"]
[Site "Czech Republic"]
[Date "2007.02.11"]
[Round "7.5"]
[White "Rosenzweig, Vladimir L"]
[Black "Stluka, Petr"]
[Result "1-0"]
[WhiteElo "2100"]
[BlackElo "2181"]
[PlyCount "63"]
[EventDate "2006.10.15"]
[EventType "team-tourn"]
[EventRounds "11"]
[EventCountry "CZE"]
[SourceTitle "EXT 2009"]
[Source "ChessBase"]
[SourceDate "2008.11.26"]
[SourceVersion "1"]
[SourceVersionDate "2008.11.26"]
[SourceQuality "1"]
[WhiteTeam "Tabor II"]
[BlackTeam "Pribram Alva"]
[WhiteTeamCountry "CZE"]
[BlackTeamCountry "CZE"]

1. e4 c6 2. d4 d5 3. e5 Bf5 4. Nc3 Qb6 5. Nf3 h6 6. Bd3 Bxd3 7. Qxd3 e6 8. 0-0 Qa6 9. Qd1 Nd7 10. a4 Ne7 11. Bd2 h5 12. b4 Qc4 13. Nb1 Nf5 14. Na3 Qa6 15. a5 Be7 16. c4 dxc4 17. Qc2 b5 18. axb6 axb6 19. Qxc4 Qxc4 20. Nxc4 0-0 21. Ne3 Nxe3 22. fxe3 Rfc8 23. e4 b5 24. Rfc1 Nb6 25. Rxa8 Rxa8 26. Rxc6 Nc4 27. Bc3 Ra3 28. Rc8+ Kh7 29. Be1 Ra1 30. Kf2 Ra2+ 31. Kg3 h4+ 32. Kh3 1-0